000 00813 a2200229 4500
001 61729
005 20260407155908.0
008 260407a1978 arg spa d
003 AR-UNSa-BCEJYS
040 _aAR-UNSa-BCEJYS
_bspa
_cAR-UNSa-BCEJYS
080 _a347.91(094.4)
_xCódigo Procesal Civil y Comercial
245 1 0 _aCódigo Procesal Civil y Comercial de la Nación
_py demás normas procesale vigentes
250 _a2a. ed.
264 1 _aBuenos Aires :
_bAstrea
_c1978
300 _a3 v. (812 ; 605 ; 710 p.)
_c23 cm.
505 _aVol. I: Artículos 1 a 318 -- Vol. II: Artículos 319 a 605 -- Vol. III: Artículos 606 a 822
041 _aspa
942 _cBK
590 _aniveau_biblio:m niveau_hierar:0
100 1 _aFassi, Santiago C.
700 1 _aArgentina (Código Procesal Civil y Comercial)
999 _c7381
_d7381